ბათუმის შოთა რუსთაველის სახელმწიფო უნივერსიტეტის ბიბლიოთეკა

ჩანაწერი Personal Name

ჩანაწერთა რაოდენობა, რომელიც გამოყენებულია: 1

001 - CONTROL NUMBER

  • control field: 2342

003 - CONTROL NUMBER IDENTIFIER

  • control field: GE_BSU

005 - DATE AND TIME OF LATEST TRANSACTION

  • control field: 20190610183845.0

008 - FIXED-LENGTH DATA ELEMENTS

  • fixed length control field: 190610|| aca||aabn | a|a d

040 ## - CATALOGING SOURCE

  • Original cataloging agency: GE_BSU
  • Transcribing agency: GE_BSU

100 ## - HEADING--PERSONAL NAME

  • Personal name: ხუბაშვილი, ია (ლეილა)

670 ## - SOURCE DATA FOUND

  • Source citation: Work cat.: (GE_BSU)56890: ხუბაშვილი, ია (ლეილა), იეზუიტების ორდენი = Society of jesus = La compagnia di gesu /